000 00535nam a22001817a 4500
999 _c4604
_d4604
003 GBCCL
005 20241126110522.0
008 180125b xxu||||| |||| 00| 0 eng d
020 _a0687975700
040 _cgbc
082 _a248.4
_bMOO
100 _aMoore, James W.
_98484
245 _aThe Top Tenlist for Christians:
_bPriorities for Faithful Living /
_cJames W. Moore
260 _aNashville:
_bDimensions for Living,
_c1999
300 _a165 p.;
_c23 cm.
650 _aChristian life
_vMethodist authors
_98485
942 _2ddc
_cBK
_04